000 00756cab a2200241 4500
001 WB3046-24
008 090401t1994 xxu||||| |||| 00| 0 eng d
035 _a(Sirsi) u23494
041 _aeng
245 _aOil exploration at Windsor
260 _c1994
350 _a0
490 _aDaily Telegraph
_v7 December 1994, 4
490 _aTimes
_v7 December 1994, 4
490 _aIndependent on Sunday
_v11 December 1994, 5(4)
520 _aLooks at the application to explore for oil reserves by Windsor Castle. Reviews the history of onshore oil finds to date. Geological diagrams.
650 _aOIL EXPLORATION
650 _aONSHORE OILFIELDS
650 _aWINDSOR CASTLE
690 _aMINING AND MINERALS
942 _n0
948 _c04/03/1997
999 _c15700
_d15700